Rastros y rostros de la locura en El sueño del ángel de Gloria Elena Espinoza de Tercero /
Se analiza el discurso de la locura en la novela de Espinoa de Tercero.
Tallennettuna:
| Päätekijä: | |
|---|---|
| Aineistotyyppi: | Tuntematon |
| Aiheet: | |
| Tagit: |
Lisää tagi
Ei tageja, Lisää ensimmäinen tagi!
|
MARC
| LEADER | 000000000a22000000004500 | ||
|---|---|---|---|
| 001 | 003248 | ||
| 100 | 1 | |a Jiménez, Luis A. | |
| 245 | 1 | 0 | |a Rastros y rostros de la locura en El sueño del ángel de Gloria Elena Espinoza de Tercero / |c Luis A. Jiménez. |
| 520 | |a Se analiza el discurso de la locura en la novela de Espinoa de Tercero. | ||
| 650 | 4 | |a ESPINOZA DE TERCERO, GLORIA ELENA. EL SUEÑO DEL ANGEL | |
| 650 | 4 | |a LITERATURA NICARAGÜENSE | |
| 650 | 4 | |a NOVELA | |
| 773 | 0 | |d Managua, Nicaragua : ANIDE |t ANIDE Asociación Nicaragüense de Escritoras |g año 3, edición 8 (noviembre 2004), páginas 35-40 páginas | |
| 942 | |c ARC | ||
| 999 | |c 9991 |d 9991 | ||
